000 00516nam a22001817a 4500
005 20130619153632.0
010 _aENG-107673
020 _a9789380502519
_c880.00
035 _aEN-91206
037 _bDBAD/PUB
100 _aJasjit Singh
245 _aIndian aircraft industry /
_cby Jasjit Singh
_b
260 _aNew Delhi
_bKW Publishers
_c2011
270 _a4676/2, First Floor, Ansari Road, Daryaganj
_bNew Delhi
_e110002
300 _axviii,293p.
_c24cm(Hb)
500 _aIncludes index
942 _2ddc
_cEN
_mJAS
999 _c76763
_d76763